Statistics for Juventus Squad 2019/20

Click here to take the quiz!

General Stats

  • This quiz has been taken 114 times
  • The average score is 20 of 27

Answer Stats

#PositionPlayerNationalityDate of Birth (Age)% Correct
7Left WingerCristiano RonaldoPortugueseFeb 5, 1985 (34)
93%
19Centre-BackLeonardo BonucciItalianMay 1, 1987 (32)
93%
77GoalkeeperGianluigi BuffonItalianJan 28, 1978 (41)
92%
3Centre-BackGiorgrio ChielliniItalianAug 14, 1984 (34)
88%
1GoalkeeperWojciech SzczesnyPolishApr 18, 1990 (29)
88%
4Centre-BackMatthijs de LigtDutchAug 12, 1999 (20)
83%
12Left-BackAlex SandroBrazilianJan 26, 1991 (28)
82%
10Second StrikerPaulo DybalaArgentineanNov 15, 1993 (25)
82%
5Central MidfieldMiralem PjanicBosnianApr 2, 1990 (29)
78%
25Central MidfieldAdrien RabiotFrenchApr 3, 1995 (24)
77%
14Central MidfieldBlaise MatuidiFrenchApr 9, 1987 (32)
76%
8Central MidfieldAaron RamseyWelshDec 26, 1990 (28)
74%
13Right-BackDaniloBrazilianJul 15, 1991 (28)
74%
16Right WingerJuan CuadradoColombianMay 26, 1988 (31)
74%
6Central MidfieldSami KhediraGermanApr 4, 1987 (32)
74%
37GoalkeeperMattia PerinItalianNov 10, 1992 (26)
70%
11Right WingerDouglas CostaBrazilianSep 14, 1990 (26)
68%
21Centre-ForwardGonzalo HiguaínArgentineanDec 10, 1987 (31)
68%
28Centre-BackMerih DemiralTurkishMar 5, 1998 (21)
67%
30Central MidfieldRodrigo BentancurUruguayanJun 25, 1997 (22)
66%
24Centre-BackDaniele RuganiItalianJul 29, 1994 (25)
63%
17Centre-ForwardMario MandzukicCroatianMay 21, 1986 (33)
63%
23Defensive MidfieldEmre CanGermanJan 12, 1994 (25)
59%
2Right-BackMattia de SciglioItalian Oct 20, 1992 (26)
59%
33Right WingerFederico BernardeschiItalianFeb 16, 1994 (25)
53%
15Left WingerMarko PjacaCroatianMay 6, 1995 (24)
48%
21GoalkeeperCarlo PinsoglioItalianMar 16, 1990 (29)
46%

Score Distribution

Percentile by Number Answered

Percent of People with Each Score

Your Score History

You have not taken this quiz